Journal of investigative medicine : the official publication of the American Federation for Clinical Research.
| Previous Title: | Clinical research |
|---|---|
| Corporate Author: | |
| Format: | Serial |
| Language: | English |
| Published: |
Beverly, Mass. :
American Federation for Clinical Research
Hamilton, ON : BC Decker Philadelphia, PA : Lippincott Williams & Wilkins [Thousand Oaks, CA] ; [London, England] : SAGE Publishing |
| Subjects: | |
| Online Availability: |
|
MARC
| Tag | First Indicator | Second Indicator | Subfields |
|---|---|---|---|
| LEADER | 00000cas a2200000 a 4500 | ||
| 001 | in00005649621 | ||
| 008 | 011023c19949999caubx jso 0 a0eng | ||
| 006 | m o d | ||
| 007 | cr cn||||||||| | ||
| 005 | 20250630144955.1 | ||
| 010 | |a 2010202194 | ||
| 035 | |a (OCoLC)ocm48198487 | ||
| 040 | |a COU |b eng |e pn |c COU |d OCLCQ |d NLGGC |d CEF |d DLC |d OCLCQ |d OCLCF |d OCLCO |d OCLCQ |d OCLCO |d OCLCQ |d OCLCO |d UAB |d OCLCO |d OCLCQ |d OCLCO |d NLE |d OCLCO |d NTG |d AU@ |d OCLCO |d UKMGB |d LIP |d OCLCE |d CSU |d OCLCS |d VRC |d BUF |d WURST |d OCLCO |d SFB |d OCLCQ |d OCLCO |d OCL |d NLM |d OCLCQ |d IOY |d DLC | ||
| 012 | |k 1 |l 1 | ||
| 015 | |a GBB573020 |2 bnb | ||
| 016 | 7 | |a SR0082999 |2 DNLM | |
| 016 | 7 | |a 015994312 |2 Uk | |
| 019 | |a 58751895 |a 60621164 |a 752908032 |a 1051779872 |a 1052647298 |a 1053691685 |a 1058033248 |a 1086406608 |a 1113394200 |a 1126415072 |a 1136189818 |a 1259209322 | ||
| 022 | 0 | |a 1708-8267 |l 1081-5589 |y 1081-5589 |2 2 | |
| 035 | |a (OCoLC)48198487 |z (OCoLC)58751895 |z (OCoLC)60621164 |z (OCoLC)752908032 |z (OCoLC)1051779872 |z (OCoLC)1052647298 |z (OCoLC)1053691685 |z (OCoLC)1058033248 |z (OCoLC)1086406608 |z (OCoLC)1113394200 |z (OCoLC)1126415072 |z (OCoLC)1136189818 |z (OCoLC)1259209322 | ||
| 042 | |a pcc | ||
| 043 | |a n-us--- | ||
| 050 | 0 | 0 | |a R11 |
| 060 | 0 | 0 | |a W1 |b JO73CM |
| 082 | 0 | 0 | |a 616 |2 23/eng/20230417 |
| 084 | |a 44.00 |2 bcl | ||
| 084 | |a 44.46 |2 bcl | ||
| 210 | 0 | |a J. investig. med. |b (Online) | |
| 222 | 0 | |a Journal of investigative medicine |b (Online) | |
| 245 | 0 | 0 | |a Journal of investigative medicine : |b the official publication of the American Federation for Clinical Research. |
| 260 | |a Beverly, Mass. : |b American Federation for Clinical Research | ||
| 260 | 2 | |3 <2003-> : |a Hamilton, ON : |b BC Decker | |
| 260 | 2 | |3 <2012-> : |a Philadelphia, PA : |b Lippincott Williams & Wilkins | |
| 264 | 3 | 1 | |3 2023- |a [Thousand Oaks, CA] ; |a [London, England] : |b SAGE Publishing |
| 300 | |a 1 online resource | ||
| 310 | |a Eight issues per year | ||
| 336 | |a text |b txt |2 rdacontent | ||
| 337 | |a computer |b c |2 rdamedia | ||
| 338 | |a online resource |b cr |2 rdacarrier | ||
| 362 | 1 | |a Print began with vol. 42, no. 4 (Dec. 1994). | |
| 525 | |a Some issues accompanied by supplements. | ||
| 538 | |a Mode of access: World Wide Web. | ||
| 588 | 0 | |a Print version record. | |
| 588 | 1 | |a Vol. 71, issue 7 (Oct. 2023) (journals.sagepub.com website, viewed Nov. 1, 2023). | |
| 650 | 0 | |a Clinical medicine |v Periodicals. | |
| 650 | 0 | |a Medicine |x Research |v Periodicals. | |
| 650 | 0 | |a Research. | |
| 650 | 6 | |a Médecine clinique |v Périodiques. | |
| 650 | 6 | |a Médecine |x Recherche |v Périodiques. | |
| 650 | 6 | |a Recherche. | |
| 650 | 7 | |a research (function) |2 aat | |
| 650 | 7 | |a Research. |2 fast |0 (OCoLC)fst01095153 | |
| 650 | 7 | |a Clinical medicine. |2 fast |0 (OCoLC)fst00864361 | |
| 650 | 7 | |a Medicine |x Research. |2 fast |0 (OCoLC)fst01015059 | |
| 650 | 2 | |a Medicine | |
| 650 | 2 | |a Research | |
| 651 | 2 | |a United States | |
| 653 | 0 | 0 | |a medisch onderzoek |
| 653 | 0 | 0 | |a medical research |
| 653 | 1 | 0 | |a Medicine (General) |
| 653 | 1 | 0 | |a Geneeskunde (algemeen) |
| 655 | 0 | |a Electronic journals. | |
| 655 | 7 | |a periodicals. |2 aat | |
| 655 | 7 | |a Periodicals. |2 fast |0 (OCoLC)fst01411641 | |
| 655 | 7 | |a Periodicals. |2 lcgft | |
| 655 | 7 | |a Périodiques. |2 rvmgf | |
| 655 | 2 | |a Periodical | |
| 710 | 2 | |a American Federation for Clinical Research. | |
| 776 | 0 | 8 | |i Print version: |t Journal of investigative medicine |x 1081-5589 |w (DLC) 95641341 |w (OCoLC)31601090 |
| 780 | 0 | 0 | |t Clinical research |x 0009-9279 |w (DLC)sc 79003559 |w (OCoLC)1554942 |
| 850 | |a DLC | ||
| 029 | 1 | |a AU@ |b 000046360781 | |
| 029 | 1 | |a AU@ |b 000057190267 | |
| 029 | 1 | |a NZ1 |b 12478879 | |
| 029 | 1 | |a NZ1 |b 13114974 | |
| 029 | 1 | |a NZ1 |b 13744816 | |
| 029 | 1 | |a OCLCS |b 17722 | |
| 029 | 1 | |a OCLCS |b OP-31970 | |
| 029 | 1 | |a UKMGB |b 015994312 | |
| 029 | 1 | |a AU@ |b 000072985717 | |
| 994 | |a Z0 |b TXA | ||
| 948 | |h HELD BY TXA - 711 OTHER HOLDINGS | ||
| 999 | f | f | |s 1fd689ba-74e9-48fa-9c79-dde59b787736 |i c47c1e15-eab5-4b2f-9573-aa75b09d20ab |t 0 |
| 952 | f | f | |a Texas A&M University |b College Station |c Electronic Resources |s www_evans |d Available Online |t 0 |e R11 |g Electronic |h Library of Congress classification |
| 998 | f | f | |a R11 |t 0 |l Available Online |